| 000 | 00483nam a2200145Ia 4500 | ||
|---|---|---|---|
| 008 | 231129s1988||||xx |||||||||||||| ||spa|| | ||
| 020 | _a84-320-3828-8 | ||
| 040 | _bspa | ||
| 082 | _aU813.5 F429f | ||
| 100 | _aFí¨vre Francis | ||
| 245 | 0 | _aFaraón: Encarnizadas batallas intrigas cortesanas y amorosas en una fascinante novela sobre el Egipto del año 1600 antes de nuestra era | |
| 260 | _c1988 | ||
| 264 | _aPlaneta | ||
| 942 |
_2ddc _cBKS |
||
| 999 |
_c13888 _d13888 |
||